Normal view MARC view
  • EBC

Entry Personal Name

Number of records used in: 1

001 - CONTROL NUMBER

  • control field: 8642

003 - CONTROL NUMBER IDENTIFIER

  • control field: JRU

005 - DATE AND TIME OF LATEST TRANSACTION

  • control field: 20250801115858.0

008 - FIXED-LENGTH DATA ELEMENTS

  • fixed length control field: 250801|| aca||aabn | a|a d

040 ## - CATALOGING SOURCE

  • Original cataloging agency: JRU
  • Transcribing agency: JRU

100 ## - HEADING--PERSONAL NAME

  • Personal name: EBC

670 ## - SOURCE DATA FOUND

  • Source citation: Work cat.: (JRU)8772: EBC, SUPREME COURT CASES [2025] 5. SCC [pp.641-END], 2025